Information assurance handbook : (Record no. 99868)

MARC details
000 -LEADER
fixed length control field 03065nam a22002897a 4500
005 - DATE AND TIME OF LATEST TRANSACTION
control field 20160506110811.0
010 ## - LCCN (DPL NO)
LC control number ENG-115085
020 ## - INTERNATIONAL STANDARD BOOK NUMBER
International Standard Book Number 9789339222376
Terms of availability 775.00
020 ## - INTERNATIONAL STANDARD BOOK NUMBER
International Standard Book Number 9339222377
Terms of availability 775.00
035 ## - SYSTEM CONTROL NUMBER
System control number EN-98617
037 ## - SOURCE OF ACQUISITION
Source of stock number/acquisition DBAD/PUB
082 ## - DEWEY DECIMAL CLASSIFICATION NUMBER
Classification number 658.478
100 ## - MAIN ENTRY--PERSONAL NAME
Personal name Schou, Corey
245 ## - TITLE STATEMENT
Title Information assurance handbook :
Remainder of title effective computer security and risk management strategies /
Statement of responsibility, etc by Corey Schou [and] Steven Hernandez
260 ## - PUBLICATION, DISTRIBUTION, ETC. (IMPRINT)
Place of publication, distribution, etc New Delhi
Name of publisher, distributor, etc McGraw Hill Education
Date of publication, distribution, etc 2015
270 ## - ADDRESS
Address P-24,Green Park Extension
City New Delhi
Postal code 110016
300 ## - PHYSICAL DESCRIPTION
Extent xxix, 450p. :
Other physical details ill.
Dimensions 24cm(pbk)
500 ## - GENERAL NOTE
General note Includes bibliographical references and index.
505 ## - FORMATTED CONTENTS NOTE
Formatted contents note Machine generated contents note: Part I Information Security Infrastructure -- 1: The Need for Information Security -- 2: Concepts in Informaiton Security -- 3: Assets, Threats, Vulnerabilities, Risks, and Controls -- 4: Security Professionals and Organizations -- 5: Information Security management System -- 6: Implementing Information Security Strategy into Current Practices, Regulations, and Plans -- Part II Information Security Planning Process -- 7: Approaches to Implementing Information Security -- 8: Organizational Structure for Mananging Information Security -- 9: Asset Management -- 10: Information Security Risk Management -- 11: Information Security Policy -- 12: Human Resouce Security -- 13: Certification, Accreditation, and Assurance -- Part III Information Security Prevention Process -- 14: Information Security in System Development -- 15: Physical and Environmental Security Controls -- 16: Information Security Awareness, Training, and Education -- 17: Preventive Tools and Techniques -- 18: Access Control -- Part IV Information Security Detection Process -- 19: Information Security Monitoring Tools and Methods -- 20: Information Security Measurements and Metrics -- Part V Information Security Recovery Process -- 21: Information Security Incident Handling -- 22: Computer Forensics -- 23: Business Continuity -- 24: Backup and Restoration -- Appendices.
520 ## - SUMMARY, ETC.
Summary, etc "Information Assurance Handbook: Effective Computer Security and Risk Management Strategies discusses the tools and techniques required to prevent, detect, contain, correct, and recover from security breaches and other information assurance failures. This practical resource explains how to integrate information assurance into your enterprise planning and IT strategy and offers an organizational approach to identifying, implementing, and controlling information assurance initiatives for small business and global enterprises alike"-- |c Provided by publisher.
650 ## - SUBJECT ADDED ENTRY--TOPICAL TERM
Topical term or geographic name as entry element Computer networks
General subdivision Security measures
Form subdivision Handbooks, manuals, etc.
650 ## - SUBJECT ADDED ENTRY--TOPICAL TERM
Topical term or geographic name as entry element Computer security
Form subdivision Handbooks, manuals, etc.
650 ## - SUBJECT ADDED ENTRY--TOPICAL TERM
Topical term or geographic name as entry element Data protection
Form subdivision Handbooks, manuals, etc.
650 ## - SUBJECT ADDED ENTRY--TOPICAL TERM
Topical term or geographic name as entry element Information storage and retrieval systems
General subdivision Security measures
Form subdivision Handbooks, manuals, etc.
700 ## - ADDED ENTRY--PERSONAL NAME
Personal name Hernandez, Steven
942 ## - ADDED ENTRY ELEMENTS (KOHA)
Source of classification or shelving scheme Dewey Decimal Classification
Item type English Books
Classification part 658.478
Call number suffix SCH
Holdings
Withdrawn status Lost status Not for loan Collection code Home library Current library Date acquired Source of acquisition Cost, normal purchase price Full call number Barcode Copy number Cost, replacement price Koha item type
    Not For Loan Non-fiction D.B.Act.Division D.B.Act.Division 06/05/2016 DBAD/PUB 775.00 658.478 SCH EN-98617 1 775.00 English Books

© Delhi Public Library
Hit Counter
free hit counter